000 00841nam a22002297a 4500
999 _c17690
_d17690
003 AR-CdUCM
008 190509b ||||| |||| 00| 0 spa d
040 _aMUNICIPALIDAD PROVINCIAL DEL CUSCO
_cBIBLIOTECA MUNICIPAL DEL CUSCO
041 _hfre
082 _a530 /
_bD98
100 _aDuquesne, Maurice
_937830
245 _aMateria y antimateria /
260 _aBarcelona,
_bOikos-tau,
_c1971.
300 _a122 páginas ;
_c18 cm.
440 _a¿Qué sé? ;
_n63
_937831
505 _aContenido: Diferentes formas del atomismo -- La relatividad -- La teoría de los cuantos -- El átomo de Bohr-Sommerfeld y la nueva física -- Mecánica ondulatoria e indeterminismo...
650 _aMateria
_9883
650 _aProtones
_937832
700 _aFerrer, Alexandre (traductor)
_937833
942 _2ddc
_cLIBROS
945 _aacv
_d2019-05-09